000 00679nam a22002177a 4500
005 20251108172303.0
008 250721s9999 xx 000 0 ara d
082 1 4 _a796.09/فان
100 1 _aفان دالين، ديوبولدب
245 1 0 _aتاريخ التربية البدنية /
264 1 _aالقاهرة :
_bدار الفكر العري،
300 _a1041ص
650 1 7 _aالألعاب الرياضية
650 1 7 _aالتاريخ
700 1 _aالمرد، ميتشل
700 1 _aبروس ل، بنيت
700 1 _aعلام، محمد عبد الخالق
_eترجمة
700 1 _aفضالي، محمد
942 _2ddc
_cBK
999 _c75223
_d75223